00800nam a2200181 a 450000100100000000500170001000800410002704000250006824500510009326000540014430000350019870000320023304900090026595201050027495201110037995201110049099900170060100002588720200930024127.0110224s2003 dr 000 0 spa d aDO-SdBNPbspacBNPHU00aInstrutivo para socios /cJuan Aníbal Abreu. aSanto Domingo :bCooperativa Sán José,c2003. a40 p. :bil., retrs. ;c22 cm.1 aAbreu, Juan Aníbal952746 aBNPD 0010718PDaPDbPDcHDd2011-02-24iLF1l0o p25887-10r2020-06-25w2020-06-25yLFPDZNo se presta 0010718PDaPDbPDcHDd2011-02-24iLF1l0o p25887-20r2020-06-25te. 2w2020-06-25yLFPDZNo se presta 0010718DSaPDbPDcHDd2013-07-04iLF1l0o p25887-30r2020-06-25te. 3w2020-06-25yLFDSZNo se presta c25379d25379